| 000 | 00657nam a2200193 a 4500 | ||
|---|---|---|---|
| 001 | BRCA_2160 | ||
| 005 | 20190320203708.0 | ||
| 008 | 750701s1966 mx-a---###---#000-0#spa-# | ||
| 040 |
_aDLC _cOU _dOCoLC |
||
| 050 | 4 |
_aND813 _b.M67 1966 |
|
| 100 | 1 |
_aMoreno, Salvador _96509 |
|
| 245 | 1 | 0 |
_aEl pintor Pelegrín Clavé _cSalvador Moreno. |
| 260 |
_aMéxico _bUNAM, Instituto de Investigaciones Estéticas _c1966 |
||
| 300 |
_a166, [179] p. _bil., láminas a color _c28 cm. |
||
| 500 | _aIncluye índice de ilustraciones a color e índice de nombres | ||
| 600 | 1 | 4 |
_aClavé, Pelegrín _d1811-1880 _xPintores _96510 |
| 653 | 0 | _aPintores españoles | |
| 942 |
_2lcc _cB |
||
| 999 |
_c1916 _d1916 |
||